Statistics for AJR Lyric to Song Title

Click here to take the quiz!

General Stats

  • This quiz has been taken 30 times
  • The average score is 38 of 70

Answer Stats

HintAnswer% Correct
All my favorite people make me madAll My Favorite Songs
85%
If you´re fucking racist then don´t come to my show3 O'Clock Things
80%
Used to keep it coolBurn The House Down
80%
Who fought fires so violentWorld's Smallest Violin
80%
You scream at me for parenting you wrongDear Winter
75%
Don´t wanna be stone, I changed my mindMaybe Man
75%
Frankly I´m scared of clownsWow, I'm Not Crazy
75%
I keep getting haircutsBummerland
70%
Life´s fuckin´ long ´til it stopsGod Is Really Real
70%
Both seats sold outMy Play
70%
My favorite color is youSober Up
70%
I´m all 17 at 35The DJ Is Crying For Help
70%
Now all of the interns are no longer interns2085
65%
I bet this Instagram´s a load of funBirthday Party
65%
Now I go by Met, is that less lame?Joe
65%
I just hugged her the way Michael didNetflix Trip
65%
Dan peed in the poolSteve's Going to London
65%
Some hotel in GermanyAdventure Is Out There
60%
Put quinoa in my fridgeBang!
60%
Are your eyes ok?Break My Face
60%
My Christmas card looks like a mugshotDon't Throw Out My Legos
60%
I got friends in a lotta weird placesHumpty Dumpty
60%
I was gonna save the planet, but today I got plansInertia
60%
I´m running on adrenaline and one-hour napsI Won't
60%
A people-person in a room of people-peopleLet The Games Begin
60%
You´re not stupid, you´re just specialOrdinaryish People
60%
I think I probably loved the idea of youTurning Out Pt. II
60%
Did my 2 years on TinderTurning Out Pt. III
60%
We had to work a bit more hard100 Bad Days
55%
More of a starving artistCome Hang Out
55%
From a song that I wrote about likes and hellosHole in the Bottom of My Brain
55%
She´s the rough and the rowdiest kidPitchfork Kids
55%
But this don´t feel like DisneyTurning Out
55%
They call me after darkWeak
55%
Cheers to the 2010sYes I'm A Mess
55%
Pro tools and a micBig Idea
50%
I feel so broke up I wanna go homeCall My Dad
50%
And if I get to tour it wouldn´t that be fun?Christmas In June
50%
MTV story linesDrama
50%
I gave ´em hellFinale (Can't Wait To See What You Do Next)
50%
Throwing up on an L.A. streetI'm Not Famous
50%
I won´t forget you but I may forget your nameI'm Ready
50%
I tripped on my ankle and fractured my elbowKarma
50%
I´m kinda scared to drop this albumNext Up Forever
50%
Sit back man, relax manThe Entertainment's Here
50%
Was looking forward to being importantThe Good Part
50%
Soon we will be giants tooThe Green And The Town
50%
I wanna feel that nowTouchy Feely Fool
50%
I set my bar real lowWay Less Sad
50%
Here she lies in her bedBig White Bed
45%
There´s no celebrities hereBud Like You
45%
Stick a needle in my eyeInfinity
45%
Don´t look at me, don´t look at meThe Dumb Song
45%
I thought I had the ADHDThree-Thirty
45%
Don´t give a damn if I´m bleeding outToo Late
45%
Tonight we´re 21AfterHours
40%
The rain will wash our memoryGrowing Old On Bleecker Street
40%
And for the wackos and the assholesLivin' On Love
40%
Don´t wanna get paranoidNo Grass Today
40%
I do not belong herePretender
40%
Throw my phone into the wavesRecord Player
40%
You can´t meet my dadThe Trick
40%
Should I put eggs in more baskets?Beats
35%
Don´t leave me out on my ownBuy You A Rose
35%
You might say I´m all-inMy Calling
35%
Wake up Mr. WestRole Models
35%
Girl on fire could burn my heart awayThirsty
30%
I´m right where I should beWoody Allen
30%
I made a party song now I´m in every dormNormal
25%
Runaway girl cause I let youThe World Is A Marble Heart
25%

Score Distribution

Percentile by Number Answered

Percent of People with Each Score

Your Score History

You have not taken this quiz